Statistics for My top 10 QBs of All-Time

Click here to take the quiz!

General Stats

  • This quiz has been taken 13 times
  • The average score is 8 of 10

Answer Stats

Rank. TeamsQB% Correct
6. GBPAaron Rodgers
100%
8. SDC/NOSDrew Brees
100%
3. SFF/KANJoe Montana
100%
2. IND/DENPeyton Manning
100%
1. NEP/TBBTom Brady
100%
10. MIADan Marino
92%
7. DENJohn Elway
85%
4. PIT/BAL/SDCJohnny Unitas
54%
5. CLEOtto Graham
54%
9. WASSammy Baugh
46%

Score Distribution

Percentile by Number Answered

Percent of People with Each Score

Your Score History

You have not taken this quiz